[Event "Salto Litoral op"]
[Site "Salto"]
[Date "2023.10.01"]
[Round "5"]
[White "Garcia Martinez, Alvaro"]
[Black "Oddone, Cristhian"]
[Result "0-1"]
[WhiteElo "2011"]
[BlackElo "2241"]
[PlyCount "98"]
[EventDate "2023.09.30"]
[EventType "swiss"]
[EventRounds "5"]
[EventCountry "URU"]
[SourceTitle "CBM 216 Extra"]
[Source "ChessBase"]
[SourceDate "2023.11.30"]
[SourceVersion "1"]
[SourceVersionDate "2023.11.30"]
[SourceQuality "1"]

1. d4 f5 2. Nf3 e6 3. g3 Nf6 4. Bg2 Be7 5. c4 0-0 6. 0-0 d6 7. Nc3 Ne4 8. Qc2 Nxc3 9. bxc3 Nc6 10. d5 Ne5 11. Nd4 Nxc4 12. dxe6 c6 13. e4 c5 14. Ne2 Bxe6 15. Nf4 Bf7 16. exf5 d5 17. Re1 Bf6 18. Ne6 Qa5 19. Bxd5 Qxc3 20. Qe2 Nb6 21. Bd2 Qa3 22. Bxb7 Rae8 23. Rad1 Bd4 24. Be3 Bxe6 25. fxe6 Rxe6 26. Qg4 Rfe8 27. Bd2 Qxa2 28. Rxe6 Qxe6 29. Qxe6+ Rxe6 30. Bf3 Kf8 31. Kg2 Kf7 32. Rc1 Kf6 33. h4 h6 34. Rc2 Re7 35. Bg4 Rc7 36. Bf4 Be5 37. Be3 Bd6 38. Be2 Nd5 39. Bd2 Nb4 40. Bc3+ Be5 41. Bxe5+ Kxe5 42. Rc4 Kd5 43. Rc1 Kd4 44. Bb5 c4 45. Kf3 c3 46. Ke2 Re7+ 47. Kd1 a6 48. Bf1 Nd3 49. Bxd3 Kxd3 0-1

[Event "Titled Tuesday intern op 23rd May Late"]
[Site "Chess.com INT"]
[Date "2023.05.23"]
[Round "5"]
[White "Oddone, Cristhian"]
[Black "Janaszak, Dawid"]
[Result "0-1"]
[WhiteElo "2268"]
[BlackElo "2316"]
[PlyCount "84"]
[EventDate "2023.05.23"]
[EventType "swiss (blitz)"]
[EventRounds "11"]
[EventCountry "USA"]
[SourceTitle "EXT 2024"]
[Source "ChessBase"]
[SourceDate "2023.10.10"]
[SourceVersion "1"]
[SourceVersionDate "2023.10.10"]
[SourceQuality "1"]

1. Nf3 g6 2. e4 c5 3. d3 Bg7 4. g3 Nc6 5. Bg2 e5 6. 0-0 Nge7 7. c3 0-0 8. Nh4 d6 9. f4 f5 10. Nd2 exf4 11. gxf4 Be6 12. Ndf3 Kh8 13. Ng5 Bg8 14. exf5 Nxf5 15. Nxf5 Rxf5 16. Be4 Ne7 17. Qf3 d5 18. Bxf5 Nxf5 19. Bd2 b5 20. Rae1 Qb6 21. Qh3 Rf8 22. Re6 Qd8 23. Rfe1 Bf6 24. Nf3 Bxe6 25. Rxe6 Re8 26. Re1 Rxe1+ 27. Nxe1 b4 28. Qf3 Qd6 29. Nc2 a5 30. Ne3 bxc3 31. bxc3 Ne7 32. Ng4 Bg7 33. Qe2 h6 34. Ne5 Kh7 35. d4 a4 36. Be3 c4 37. Qg4 Qa3 38. Qe6 Qxc3 39. Qxe7 Qxe3+ 40. Kg2 Qxf4 41. Qe6 Qe4+ 42. Kf1 c3 0-1

[Event "Titled Tuesday intern op 23rd May Late"]
[Site "Chess.com INT"]
[Date "2023.05.23"]
[Round "8"]
[White "Oddone, Cristhian"]
[Black "Spichkin, Alexander"]
[Result "0-1"]
[WhiteElo "2268"]
[BlackElo "2052"]
[PlyCount "132"]
[EventDate "2023.05.23"]
[EventType "swiss (blitz)"]
[EventRounds "11"]
[EventCountry "USA"]
[SourceTitle "EXT 2024"]
[Source "ChessBase"]
[SourceDate "2023.10.10"]
[SourceVersion "1"]
[SourceVersionDate "2023.10.10"]
[SourceQuality "1"]

1. e4 e5 2. Nf3 d5 3. Nc3 dxe4 4. Nxe5 Bd6 5. Nc4 Nf6 6. Nxd6+ Qxd6 7. d3 exd3 8. Qxd3 Qxd3 9. Bxd3 Nc6 10. Bg5 0-0 11. Bxf6 Re8+ 12. Ne2 gxf6 13. 0-0 Ne5 14. Nf4 Nxd3 15. Nxd3 Re2 16. Rfe1 Rxc2 17. Re8+ Kg7 18. Nb4 Rxb2 19. Nd5 c6 20. Ne7 Re2 21. Nf5+ Bxf5 22. Rxe2 b5 23. Rc1 Rc8 24. Re7 a5 25. f3 Be6 26. a3 b4 27. axb4 axb4 28. Rb7 b3 29. Rc5 Bd5 30. Kf2 f5 31. Ke3 Kg8 32. Kd4 Kg7 33. g3 Kf6 34. Rxd5 cxd5 35. Rb6+ Ke7 36. Rxb3 Kd6 37. Rb6+ Rc6 38. Rb7 Ke6 39. f4 Rc4+ 40. Kd3 Ra4 41. Rb6+ Ke7 42. Rb7+ Kf6 43. Rb6+ Kg7 44. Rd6 Ra2 45. Rxd5 Kg6 46. Rd6+ f6 47. Re6 Rxh2 48. Ke3 Rh1 49. Kf3 h5 50. Re8 Rc1 51. Rg8+ Kf7 52. Rh8 Kg6 53. Rg8+ Kh7 54. Rf8 Rc6 55. Kg2 Kg7 56. Rb8 Rc3 57. Kh3 Kg6 58. Rg8+ Kh7 59. Rb8 Rc1 60. Rb7+ Kg6 61. Rb6 Rh1+ 62. Kg2 Re1 63. Kh3 Re4 64. Rb8 Re3 65. Rg8+ Kf7 66. Rh8 Re1 0-1

[Event "Montevideo Duchamp Cup 2nd"]
[Site "Montevideo"]
[Date "2018.02.05"]
[Round "6"]
[White "Oddone, Cristhian"]
[Black "Roselli Mailhe, Bernardo"]
[Result "0-1"]
[WhiteElo "2268"]
[BlackElo "2433"]
[PlyCount "50"]
[EventDate "2018.02.02"]
[EventType "swiss"]
[EventRounds "9"]
[EventCountry "URU"]
[SourceTitle "CBM 182 Extra"]
[Source "ChessBase"]
[SourceDate "2018.02.23"]
[SourceVersion "1"]
[SourceVersionDate "2018.02.23"]
[SourceQuality "1"]

1. d4 Nf6 2. c4 g6 3. Nc3 Bg7 4. e4 d6 5. Nge2 0-0 6. Ng3 e5 7. d5 c6 8. Be2 cxd5 9. exd5 Ne8 10. h4 h6 11. f4 f5 12. Be3 Nd7 13. Qd2 exf4 14. Bxf4 Kh7 15. Bd3 Ne5 16. 0-0-0 Kg8 17. Be2 Kh7 18. Bd3 Nxd3+ 19. Qxd3 Bd7 20. Nge2 Rc8 21. Be3 Qc7 22. Bd4 Qxc4 23. Qxc4 Rxc4 24. b3 Rc8 25. Bxa7 Bxc3 0-1

[Event "Montevideo Duchamp Cup 2nd"]
[Site "Montevideo"]
[Date "2018.02.03"]
[Round "3"]
[White "Oddone, Cristhian"]
[Black "Mareco, Sandro"]
[Result "1/2-1/2"]
[WhiteElo "2268"]
[BlackElo "2632"]
[PlyCount "120"]
[EventDate "2018.02.02"]
[EventType "swiss"]
[EventRounds "9"]
[EventCountry "URU"]
[SourceTitle "CBM 182 Extra"]
[Source "ChessBase"]
[SourceDate "2018.02.23"]
[SourceVersion "1"]
[SourceVersionDate "2018.02.23"]
[SourceQuality "1"]

1. Nf3 Nf6 2. g3 d5 3. Bg2 c6 4. d3 Bf5 5. 0-0 e6 6. Nbd2 h6 7. Qe1 Be7 8. e4 Bh7 9. b3 0-0 10. Bb2 a5 11. a3 Na6 12. Qe2 Re8 13. Ne5 Qb6 14. Kh1 Nc5 15. a4 Bf8 16. f3 Rad8 17. Qf2 Qc7 18. Rae1 b5 19. Bd4 Ncd7 20. f4 c5 21. Bb2 bxa4 22. bxa4 Nb6 23. Ra1 Nfd7 24. Bc3 Ra8 25. Rfb1 dxe4 26. Nxd7 Nxd7 27. Nxe4 Reb8 28. Nd2 Rxb1+ 29. Rxb1 Rb8 30. Rxb8 Qxb8 31. Bc6 Nb6 32. Qf3 c4 33. Bxa5 cxd3 34. cxd3 Qa7 35. Bxb6 Qxb6 36. Be4 Bxe4 37. dxe4 Qd4 38. Qe2 Qb2 39. Qd1 Bc5 40. Nf3 Qa2 41. a5 Qxa5 42. Qe2 Qc3 43. Kg2 g6 44. Kf1 Be3 45. Kg2 Kg7 46. h4 Qc1 47. Ne1 Bd4 48. Nf3 Bc3 49. Kh2 Qb1 50. Kg2 Kf8 51. Kh2 Qc1 52. Kg2 Bf6 53. Kh2 g5 54. hxg5 hxg5 55. fxg5 Bxg5 56. Nxg5 Qxg5 57. Qf3 Qd2+ 58. Kh3 Qe1 59. Qf4 Qe2 60. Kh4 Qh2+ 1/2-1/2

[Event "Paysandu Amistad Salto"]
[Site "Paysandu"]
[Date "2017.11.19"]
[Round "3"]
[White "Oddone, Cristhian"]
[Black "Tregarthen, Emiliano"]
[Result "1-0"]
[WhiteElo "2268"]
[BlackElo "2076"]
[PlyCount "113"]
[EventDate "2017.11.05"]
[EventType "tourn"]
[EventRounds "7"]
[EventCountry "URU"]
[SourceTitle "EXT 2019"]
[Source "ChessBase"]
[SourceDate "2018.10.10"]
[SourceVersion "1"]
[SourceVersionDate "2018.10.10"]
[SourceQuality "1"]

1. Nf3 Nc6 2. g3 e5 3. d3 d5 4. Bg2 Nf6 5. 0-0 Be7 6. Nbd2 0-0 7. e4 d4 8. Nh4 Be6 9. Ndf3 Nd7 10. Nf5 Bxf5 11. exf5 Nf6 12. Re1 Bd6 13. Bg5 Re8 14. Nd2 Be7 15. Bxc6 bxc6 16. Rxe5 Nd5 17. Bxe7 Rxe7 18. Rxe7 Qxe7 19. Ne4 Rb8 20. b3 Qa3 21. f6 gxf6 22. Qg4+ Kh8 23. Qd7 Qb2 24. Re1 Qxc2 25. Qxf7 Qxd3 26. Nxf6 Qg6 27. Qxg6 hxg6 28. Nxd5 cxd5 29. Rc1 Re8 30. Kf1 d3 31. Rd1 Kg7 32. Rxd3 Rd8 33. Rc3 Rd7 34. Ke2 Kf6 35. Kd3 g5 36. Kd4 Kf5 37. a4 Kg4 38. f3+ Kh3 39. Rc2 c5+ 40. Rxc5 Kxh2 41. Rxd5 Rg7 42. g4 Kg3 43. Rf5 Rb7 44. Kc4 Rc7+ 45. Kb4 Rb7+ 46. Ka3 Rd7 47. a5 Kf2 48. b4 Ke3 49. b5 Rd1 50. Rxg5 Kd4 51. Kb2 Rd3 52. b6 axb6 53. axb6 Rxf3 54. b7 Rf2+ 55. Ka3 Rf3+ 56. Ka4 Rf1 57. Ka5 1-0

[Event "Paysandu Amistad Salto"]
[Site "Paysandu"]
[Date "2017.11.05"]
[Round "1"]
[White "Maristan, Agustin"]
[Black "Oddone, Cristhian"]
[Result "0-1"]
[WhiteElo "1798"]
[BlackElo "2268"]
[PlyCount "62"]
[EventDate "2017.11.05"]
[EventType "tourn"]
[EventRounds "7"]
[EventCountry "URU"]
[SourceTitle "EXT 2019"]
[Source "ChessBase"]
[SourceDate "2018.10.10"]
[SourceVersion "1"]
[SourceVersionDate "2018.10.10"]
[SourceQuality "1"]

1. d4 c5 2. e3 Nf6 3. Nf3 g6 4. b3 Bg7 5. Bd3 0-0 6. 0-0 Nc6 7. a3 d5 8. Bb2 Ne4 9. Nbd2 Nd6 10. Ne5 Qb6 11. Nxc6 Qxc6 12. Nf3 c4 13. Be2 c3 14. Bc1 b5 15. b4 a5 16. bxa5 Rxa5 17. Rb1 Bg4 18. Bd3 e6 19. Qe1 Bxf3 20. gxf3 e5 21. dxe5 Bxe5 22. Rb3 Re8 23. Kh1 Ra4 24. Rg1 Rh4 25. Rg2 d4 26. e4 f5 27. Bg5 Rh5 28. f4 fxe4 29. Be2 Rxg5 30. fxg5 d3 31. cxd3 c2 0-1

[Event "URU-ch"]
[Site "Montevideo"]
[Date "2017.04.01"]
[Round "8"]
[White "Oddone, Cristhian"]
[Black "Lopez Azambuja, Nicolas"]
[Result "0-1"]
[WhiteElo "2239"]
[BlackElo "2267"]
[PlyCount "56"]
[EventDate "2017.03.25"]
[EventType "swiss"]
[EventRounds "9"]
[EventCountry "URU"]
[SourceTitle "CBM 177 Extra"]
[Source "ChessBase"]
[SourceDate "2017.04.27"]
[SourceVersion "1"]
[SourceVersionDate "2017.04.27"]
[SourceQuality "1"]

1. Nf3 Nf6 2. g3 b6 3. Bg2 Bb7 4. 0-0 e6 5. d3 d5 6. Nbd2 Be7 7. Re1 0-0 8. e4 dxe4 9. Ng5 Nc6 10. Ngxe4 Nxe4 11. Nxe4 Qd7 12. c3 e5 13. Qh5 Rae8 14. g4 g6 15. Qh6 f6 16. Re3 Rf7 17. Rh3 Qxg4 18. Rg3 Qd1+ 19. Bf1 Bf8 20. Qh4 Bg7 21. Bg5 Qxa1 22. Bxf6 Ne7 23. Rh3 h5 24. Bxg7 Kxg7 25. Ng5 Rf6 26. Qa4 Bc6 27. Qc4 Bd5 28. Qxc7 Qe1 0-1

[Event "URU-ch"]
[Site "Montevideo"]
[Date "2017.03.31"]
[Round "7"]
[White "Carbone, Diego"]
[Black "Oddone, Cristhian"]
[Result "0-1"]
[WhiteElo "2149"]
[BlackElo "2239"]
[PlyCount "52"]
[EventDate "2017.03.25"]
[EventType "swiss"]
[EventRounds "9"]
[EventCountry "URU"]
[SourceTitle "CBM 177 Extra"]
[Source "ChessBase"]
[SourceDate "2017.04.27"]
[SourceVersion "1"]
[SourceVersionDate "2017.04.27"]
[SourceQuality "1"]

1. c4 c5 2. g3 g6 3. Bg2 Bg7 4. Nc3 Nc6 5. Nf3 d6 6. 0-0 e6 7. a3 Nge7 8. Rb1 b6 9. d3 Bb7 10. Bg5 h6 11. Bd2 Qd7 12. b4 Rd8 13. Qc1 g5 14. b5 Ne5 15. Nxe5 dxe5 16. Ne4 0-0 17. Bc3 f5 18. Nxg5 Bxg2 19. Kxg2 hxg5 20. Qxg5 Rf6 21. Bxe5 Rg6 22. Qe3 Nd5 23. cxd5 Qxd5+ 24. Kg1 Bxe5 25. a4 f4 26. Qc1 Rf8 0-1

[Event "URU-ch"]
[Site "Montevideo"]
[Date "2017.03.28"]
[Round "4"]
[White "Larrea, Manuel"]
[Black "Oddone, Cristhian"]
[Result "0-1"]
[WhiteElo "2274"]
[BlackElo "2239"]
[PlyCount "70"]
[EventDate "2017.03.25"]
[EventType "swiss"]
[EventRounds "9"]
[EventCountry "URU"]
[SourceTitle "CBM 177 Extra"]
[Source "ChessBase"]
[SourceDate "2017.04.27"]
[SourceVersion "1"]
[SourceVersionDate "2017.04.27"]
[SourceQuality "1"]

1. e4 g6 2. d4 Bg7 3. c4 Nc6 4. Nf3 e5 5. d5 Nd4 6. Nxd4 exd4 7. Bd3 d6 8. 0-0 Nf6 9. Bg5 h6 10. Bh4 g5 11. Bg3 0-0 12. Nd2 Ng4 13. Nf3 Qf6 14. c5 Ne5 15. Bxe5 dxe5 16. Nd2 g4 17. g3 h5 18. f4 gxf3 19. Qxf3 Qg6 20. Kh1 Bh3 21. Rf2 Bh6 22. Nc4 f6 23. b4 Kg7 24. d6 b5 25. Na5 cxd6 26. cxd6 Rac8 27. Rc2 Rxc2 28. Bxc2 Rc8 29. Bd3 Qg5 30. Nb3 Bg4 31. Qf1 Qe3 32. h3 Bf3+ 33. Kh2 h4 34. Qe1 Qxd3 35. Nc5 Qc2+ 0-1

[Event "Montevideo Duchamp Cup 1st"]
[Site "Montevideo"]
[Date "2017.02.12"]
[Round "6"]
[White "Oddone, Cristhian"]
[Black "Arcos Facio, Mateo"]
[Result "1/2-1/2"]
[WhiteElo "2235"]
[BlackElo "2161"]
[PlyCount "61"]
[EventDate "2017.02.09"]
[EventType "swiss"]
[EventRounds "9"]
[EventCountry "URU"]
[SourceTitle "CBM 176 Extra"]
[Source "ChessBase"]
[SourceDate "2017.03.02"]
[SourceVersion "1"]
[SourceVersionDate "2017.03.02"]
[SourceQuality "1"]

1. d4 Nf6 2. Bg5 c5 3. Nc3 cxd4 4. Qxd4 Nc6 5. Qh4 Qa5 6. e4 Nxe4 7. Qxe4 Qxg5 8. Nd5 Rb8 9. f4 Qg6 10. f5 Qd6 11. Nf3 g6 12. f6 Bh6 13. fxe7 Nxe7 14. Qd4 Qe6+ 15. Be2 0-0 16. Nf6+ Kh8 17. Nxd7+ Bg7 18. Nxf8 Bxd4 19. Nxe6 Bxb2 20. Rb1 Bc3+ 21. Kf2 Bxe6 22. a4 b6 23. Bd3 h6 24. Ba6 Kg7 25. Rbd1 Nc6 26. Rd3 Bb4 27. c3 Bf5 28. Rdd1 Bxc3 29. Rc1 Nb4 30. Bb5 Rc8 31. Rcd1 1/2-1/2

[Event "Montevideo Duchamp Cup 1st"]
[Site "Montevideo"]
[Date "2017.02.11"]
[Round "3"]
[White "Ibanez, Marcelo"]
[Black "Oddone, Cristhian"]
[Result "0-1"]
[WhiteElo "1959"]
[BlackElo "2235"]
[PlyCount "96"]
[EventDate "2017.02.09"]
[EventType "swiss"]
[EventRounds "9"]
[EventCountry "URU"]
[SourceTitle "CBM 176 Extra"]
[Source "ChessBase"]
[SourceDate "2017.03.02"]
[SourceVersion "1"]
[SourceVersionDate "2017.03.02"]
[SourceQuality "1"]

1. d4 c5 2. d5 e5 3. g3 d6 4. Bg2 b5 5. f4 exf4 6. Bxf4 g5 7. Be3 Bg7 8. c3 h6 9. Qd3 Ne7 10. Qxb5+ Nd7 11. Bc1 Rb8 12. Qa4 0-0 13. Qc2 Ne5 14. Na3 f5 15. Bd2 Qb6 16. 0-0-0 Bd7 17. h4 c4 18. Nh3 Ba4 19. Qb1 Bxd1 20. Rxd1 g4 21. Nf4 Rb7 22. Nc2 Rfb8 23. Be3 Qb5 24. Bd4 a5 25. Ne6 Bf6 26. Na3 Qxb2+ 27. Qxb2 Rxb2 28. Bxe5 Bxe5 29. Nxc4 Rb1+ 30. Kc2 Rxd1 31. Kxd1 Bxg3 32. Kc2 Kf7 33. Nd4 a4 34. h5 Kf6 35. e3 Be5 36. Nc6 Nxc6 37. dxc6 Ke6 38. Na5 d5 39. Nb7 Rc8 40. Kd3 Bc7 41. c4 dxc4+ 42. Kxc4 Bb6 43. Kd3 Ke5 44. Ke2 Bxe3 45. Kxe3 f4+ 46. Kf2 f3 47. Bf1 Rxc6 48. a3 Kf4 0-1

[Event "Montevideo Duchamp Cup 1st"]
[Site "Montevideo"]
[Date "2017.02.11"]
[Round "4"]
[White "Oddone, Cristhian"]
[Black "Cuevas Araya, Walter"]
[Result "0-1"]
[WhiteElo "2235"]
[BlackElo "2156"]
[PlyCount "94"]
[EventDate "2017.02.09"]
[EventType "swiss"]
[EventRounds "9"]
[EventCountry "URU"]
[SourceTitle "CBM 176 Extra"]
[Source "ChessBase"]
[SourceDate "2017.03.02"]
[SourceVersion "1"]
[SourceVersionDate "2017.03.02"]
[SourceQuality "1"]

1. d4 Nf6 2. Bg5 d5 3. e3 e6 4. Bd3 c5 5. c3 Nc6 6. Nd2 Be7 7. f4 cxd4 8. exd4 Qb6 9. Qb3 Qc7 10. Ngf3 h6 11. Bxf6 gxf6 12. f5 Na5 13. Qa4+ Bd7 14. Bb5 Nc6 15. 0-0 Rg8 16. Rae1 a6 17. fxe6 fxe6 18. Bxc6 Qxc6 19. Qxc6 bxc6 20. c4 Rb8 21. b3 Kd8 22. cxd5 cxd5 23. Rc1 Rc8 24. Rxc8+ Kxc8 25. Rc1+ Kb7 26. Kf2 Bd6 27. Nf1 Rc8 28. Rxc8 Bxc8 29. Ne3 Bf8 30. g4 Kc6 31. h4 Be7 32. h5 Kd6 33. Nh4 Bd8 34. Kf3 Bb6 35. Nc2 a5 36. Ng6 Ba6 37. Ke3 Bb5 38. a4 Bd7 39. Nh4 e5 40. Kf3 exd4 41. Ne1 f5 42. gxf5 Bd8 43. Nhg2 Bxf5 44. Nf4 Bh4 45. Ned3 Bg5 46. Nf2 Bc2 47. N4h3 Be3 0-1

[Event "URU-ch"]
[Site "Montevideo"]
[Date "2012.03.15"]
[Round "8"]
[White "Ulaneo, Nicolas"]
[Black "Oddone, Cristhian"]
[Result "1-0"]
[WhiteElo "2146"]
[BlackElo "2229"]
[PlyCount "189"]
[EventDate "2012.03.09"]
[EventType "tourn"]
[EventRounds "11"]
[EventCountry "URU"]
[SourceTitle "CBM 147 Extra"]
[Source "ChessBase"]
[SourceDate "2012.04.24"]
[SourceVersion "1"]
[SourceVersionDate "2012.04.24"]
[SourceQuality "1"]

1. d4 e6 2. g3 f5 3. Bg2 Nf6 4. Nf3 d5 5. 0-0 Bd6 6. c4 c6 7. Nc3 0-0 8. Qc2 Nbd7 9. cxd5 exd5 10. Qxf5 Nb6 11. Qc2 Qe8 12. e4 dxe4 13. Ng5 Bf5 14. Ngxe4 Be7 15. Qb3+ Kh8 16. Nxf6 Bxf6 17. Be3 Qg6 18. Rac1 Bd3 19. Rfd1 Bc4 20. Qc2 Qf7 21. b3 Be6 22. Ne4 Nd5 23. Bg5 Bg4 24. Rd2 Bxg5 25. Nxg5 Qh5 26. h4 Rae8 27. Be4 Nf6 28. Bg2 h6 29. Ne4 Nxe4 30. Bxe4 Rxe4 31. Qxe4 Bf3 32. Rc5 Qf7 33. Qf4 Qe8 34. Qe3 Qd7 35. Kh2 Qg4 36. Re5 Rf6 37. d5 Bxd5 38. Rexd5 cxd5 39. Rxd5 Rf8 40. Re5 a6 41. Re8 Rxe8 42. Qxe8+ Kh7 43. Kg2 Qf5 44. Qe3 b5 45. Qd2 Qe4+ 46. f3 Qe5 47. g4 Qc7 48. g5 hxg5 49. hxg5 Kg6 50. f4 Qc5 51. Kf3 Qc6+ 52. Kg3 Qe6 53. Qd3+ Kf7 54. Qf3 Qe1+ 55. Kh3 Qd2 56. Qb7+ Kf8 57. Qxa6 Qxf4 58. Qxb5 Qf3+ 59. Kh2 Qf4+ 60. Kg1 Qe3+ 61. Kf1 Qf3+ 62. Ke1 Qc3+ 63. Kd1 Qa1+ 64. Kc2 Qxa2+ 65. Kc3 Qa1+ 66. Kc4 Qc1+ 67. Kb4 Qd2+ 68. Ka3 Qc1+ 69. Ka4 Qa1+ 70. Kb4 Qd4+ 71. Ka5 Qd8+ 72. Ka4 Qa8+ 73. Qa5 Qc6+ 74. Qb5 Qa8+ 75. Kb4 Qe4+ 76. Ka3 Qa8+ 77. Qa4 Qg2 78. Qf4+ Ke7 79. Qe5+ Kf7 80. Qf5+ Ke7 81. b4 Qa8+ 82. Kb3 Qh1 83. Kc4 Kd6 84. Qg6+ Kc7 85. Qxg7+ Kb6 86. Qd4+ Kc7 87. Qc5+ Kb8 88. Kb5 Qf1+ 89. Kb6 Qf7 90. Qe5+ Kc8 91. Qc5+ Kb8 92. Qd6+ Kc8 93. g6 Qg7 94. Qc6+ Kd8 95. Qa8+ 1-0

[Event "URU-ch"]
[Site "Montevideo"]
[Date "2012.03.12"]
[Round "4"]
[White "Oddone, Cristhian"]
[Black "Carvalho, Guillermo"]
[Result "0-1"]
[WhiteElo "2229"]
[BlackElo "2237"]
[PlyCount "82"]
[EventDate "2012.03.09"]
[EventType "tourn"]
[EventRounds "11"]
[EventCountry "URU"]
[SourceTitle "CBM 147 Extra"]
[Source "ChessBase"]
[SourceDate "2012.04.24"]
[SourceVersion "1"]
[SourceVersionDate "2012.04.24"]
[SourceQuality "1"]

1. e4 Nf6 2. e5 Nd5 3. Nc3 Nxc3 4. bxc3 d6 5. f4 g6 6. Nf3 Bg7 7. d4 0-0 8. Bd3 c5 9. 0-0 dxe5 10. dxe5 Nc6 11. Be3 Qa5 12. Qe1 Bg4 13. Ng5 h6 14. Ne4 b6 15. Qh4 Bf5 16. c4 Qa3 17. Rae1 Rad8 18. g4 Rxd3 19. cxd3 Bxe4 20. dxe4 Qxa2 21. Rc1 Qe2 22. Qg3 g5 23. Rfe1 Qb2 24. fxg5 Bxe5 25. Qg2 Qxg2+ 26. Kxg2 hxg5 27. Bxg5 f6 28. Be3 Ra8 29. Rb1 Nb4 30. Re2 a5 31. Bc1 Nd3 32. Ra2 Kf7 33. Ba3 Rh8 34. Kg1 Bc7 35. Bb2 Rxh2 36. e5 Bxe5 37. Bxe5 Rxa2 38. Bc7 Rb2 39. Rxb2 Nxb2 40. Bxb6 Nxc4 41. Bxc5 Ne5 0-1

[Event "URU-ch"]
[Site "Montevideo"]
[Date "2012.03.09"]
[Round "1"]
[White "Oddone, Cristhian"]
[Black "Izquierdo, Daniel"]
[Result "0-1"]
[WhiteElo "2229"]
[BlackElo "2261"]
[PlyCount "124"]
[EventDate "2012.03.09"]
[EventType "tourn"]
[EventRounds "11"]
[EventCountry "URU"]
[SourceTitle "CBM 147 Extra"]
[Source "ChessBase"]
[SourceDate "2012.04.24"]
[SourceVersion "1"]
[SourceVersionDate "2012.04.24"]
[SourceQuality "1"]

1. Nf3 d5 2. g3 Nf6 3. Bg2 Bf5 4. 0-0 h6 5. d3 e6 6. c4 c6 7. Be3 Bd6 8. Qb3 Qc8 9. cxd5 exd5 10. Nc3 0-0 11. Rfe1 Nbd7 12. Rac1 Bh7 13. Bh3 Re8 14. Bd4 Qb8 15. Nh4 Be5 16. Bxe5 Nxe5 17. f4 Ned7 18. Nf5 a5 19. d4 h5 20. e3 Ng4 21. Nh4 Ndf6 22. Na4 b5 23. Nc5 Qb6 24. Nf3 Bf5 25. Bg2 Ne4 26. Nxe4 Bxe4 27. Ne5 Bxg2 28. Kxg2 Re6 29. h3 Nxe5 30. fxe5 f6 31. e4 Qxd4 32. Rcd1 Qc4 33. exd5 Qxb3 34. axb3 cxd5 35. Rxd5 Rae8 36. Kf3 fxe5 37. Rxb5 e4+ 38. Ke2 Re5 39. Rxe5 Rxe5 40. Rc1 Rb5 41. Rc3 Kh7 42. Ke3 Rb4 43. Kf4 Kh6 44. Kf5 g6+ 45. Kf4 Kg7 46. Rc7+ Kf6 47. Rc6+ Kf7 48. Rc7+ Ke6 49. Rc6+ Kd5 50. Rc3 Kd4 51. g4 h4 52. g5 a4 53. Re3 Kd5 54. bxa4 Rxa4 55. b3 Ra1 56. b4 Rf1+ 57. Kg4 Kd4 58. Rb3 e3 59. Rb2 Rf2 60. Rb1 e2 61. Re1 Ke3 62. Rb1 Rf4# 0-1

[Event "Latin Cup"]
[Site "Montevideo"]
[Date "2011.11.06"]
[Round "9"]
[White "De Dovitiis, Alejo"]
[Black "Oddone, Cristhian"]
[Result "0-1"]
[WhiteElo "2366"]
[BlackElo "2197"]
[PlyCount "94"]
[EventDate "2011.11.01"]
[EventType "swiss"]
[EventRounds "9"]
[EventCountry "URU"]
[SourceTitle "EXT 2012"]
[Source "ChessBase"]
[SourceDate "2011.11.24"]
[SourceVersion "1"]
[SourceVersionDate "2011.11.24"]
[SourceQuality "1"]

1. e4 c6 2. d4 g6 3. Nf3 Bg7 4. h3 d6 5. Be3 Nf6 6. Nc3 0-0 7. Qd2 b5 8. Bd3 Nbd7 9. 0-0 Qc7 10. Ne2 Bb7 11. Ng3 e5 12. Bh6 a6 13. dxe5 dxe5 14. Qg5 Ne8 15. Bxg7 Nxg7 16. Qh6 f6 17. c3 Bc8 18. Bc2 Nc5 19. b4 Nb7 20. Nh4 Be6 21. f4 exf4 22. Rxf4 Nd6 23. Nhf5 Ngxf5 24. exf5 Nf7 25. Qh4 g5 26. Qh5 Bd5 27. Rg4 Ne5 28. Rf1 Nxg4 29. Qxg4 Qe5 30. h4 Qxc3 31. hxg5 Qe3+ 32. Rf2 Qxg5 33. Qh3 Rae8 34. Nf1 Kh8 35. Kh2 Rg8 36. Bb3 Re4 37. Bxd5 cxd5 38. Qc3 Rf4 39. Qe3 Rh4+ 40. Kg1 d4 41. Qe6 Rf4 42. g3 Rxf2 43. Kxf2 d3 44. Ke1 Rd8 45. Ne3 d2+ 46. Ke2 d1Q+ 47. Nxd1 Qd2+ 0-1

[Event "Latin Cup"]
[Site "Montevideo"]
[Date "2011.11.02"]
[Round "2"]
[White "Oddone, Cristhian"]
[Black "Cicero, Carlos"]
[Result "1-0"]
[WhiteElo "2197"]
[BlackElo "1937"]
[PlyCount "49"]
[EventDate "2011.11.01"]
[EventType "swiss"]
[EventRounds "9"]
[EventCountry "URU"]
[SourceTitle "EXT 2012"]
[Source "ChessBase"]
[SourceDate "2011.11.24"]
[SourceVersion "1"]
[SourceVersionDate "2011.11.24"]
[SourceQuality "1"]

1. e4 e6 2. d3 d5 3. Nd2 Nf6 4. Ngf3 Be7 5. g3 0-0 6. Bg2 b6 7. 0-0 Bb7 8. e5 Nfd7 9. Re1 c5 10. Nf1 Nc6 11. h4 Re8 12. Bf4 f6 13. Bh3 f5 14. N1h2 Bf8 15. g4 g6 16. h5 Bg7 17. c3 Qe7 18. hxg6 hxg6 19. d4 Qf8 20. gxf5 gxf5 21. Ng5 Bh6 22. Kh1 Bxg5 23. Rg1 Re7 24. Bxg5 Rg7 25. Bh6 1-0

[Event "URU-chT Serie-A"]
[Site "Trinidad"]
[Date "2010.08.21"]
[Round "2"]
[White "Izquierdo, Daniel"]
[Black "Oddone, Cristhian"]
[Result "1-0"]
[WhiteElo "2276"]
[BlackElo "2242"]
[PlyCount "55"]
[EventDate "2010.08.??"]
[EventType "team-tourn"]
[EventRounds "6"]
[EventCountry "URU"]
[SourceTitle "EXT 2011"]
[Source "ChessBase"]
[SourceDate "2010.11.26"]
[SourceVersion "1"]
[SourceVersionDate "2010.11.26"]
[SourceQuality "1"]

1. d4 Nf6 2. Nf3 c5 3. e3 e6 4. c4 cxd4 5. exd4 d5 6. Nc3 Nc6 7. Be2 dxc4 8. Bxc4 Be7 9. 0-0 0-0 10. a3 Nd5 11. Qd3 b6 12. Bb3 Nxc3 13. bxc3 Bf6 14. Re1 Bb7 15. Bc2 g6 16. Bh6 Re8 17. Rad1 e5 18. d5 Ne7 19. Ba4 Qxd5 20. Qxd5 Nxd5 21. Bxe8 Rxe8 22. c4 Nc3 23. Rd6 Bh8 24. Rd7 Ba6 25. Nxe5 Bxc4 26. Re3 Bb5 27. Nc6 Ne2+ 28. Rxe2 1-0

[Event "URU-chT Serie-A"]
[Site "Trinidad"]
[Date "2010.08.21"]
[Round "3"]
[White "Oddone, Cristhian"]
[Black "Roselli Mailhe, Bernardo"]
[Result "0-1"]
[WhiteElo "2242"]
[BlackElo "2386"]
[PlyCount "92"]
[EventDate "2010.08.??"]
[EventType "team-tourn"]
[EventRounds "6"]
[EventCountry "URU"]
[SourceTitle "EXT 2011"]
[Source "ChessBase"]
[SourceDate "2010.11.26"]
[SourceVersion "1"]
[SourceVersionDate "2010.11.26"]
[SourceQuality "1"]

1. c4 g6 2. g3 Bg7 3. Bg2 d6 4. Nc3 e5 5. Nf3 f5 6. d4 e4 7. Ng5 Nc6 8. d5 Ne5 9. f3 h6 10. Nh3 exf3 11. exf3 Nf6 12. 0-0 0-0 13. b3 Nh7 14. Bb2 g5 15. f4 Ng4 16. Qd2 Bd7 17. Rae1 Bf6 18. Nb5 Bxb2 19. Qxb2 Rf7 20. Nd4 Qf6 21. Qd2 gxf4 22. Nxf4 Ne5 23. Nfe6 Qg6 24. Nxc7 Rc8 25. Nce6 Ng5 26. Qc2 b5 27. Nxf5 Kh8 28. Nxg5 Rxf5 29. Rxf5 Bxf5 30. Ne4 bxc4 31. bxc4 Rxc4 32. Qb1 Bxe4 33. Bxe4 Qe8 34. Bf5 Nf3+ 35. Kf2 Qxe1+ 36. Qxe1 Nxe1 37. Kxe1 Rd4 38. Bc2 Rxd5 39. Ke2 Kg7 40. Bb3 Rc5 41. Ke3 Kf6 42. Kf4 Re5 43. g4 d5 44. h4 Re4+ 45. Kf3 Ke5 46. g5 Rxh4 0-1